A pocket full of kisses / (Record no. 18603)

MARC details
000 -LEADER
fixed length control field 01573pam a2200457 i 4500
001 - CONTROL NUMBER
control field sjds1008661
003 - CONTROL NUMBER IDENTIFIER
control field sjds
005 - DATE AND TIME OF LATEST TRANSACTION
control field 20170719165807.0
008 - FIXED-LENGTH DATA ELEMENTS--GENERAL INFORMATION
fixed length control field 040312t20042004dcu b 000 1 eng
010 ## - LIBRARY OF CONGRESS CONTROL NUMBER
LC control number 2004006046
020 ## - INTERNATIONAL STANDARD BOOK NUMBER
International Standard Book Number 0878688943 (alk. paper)
020 ## - INTERNATIONAL STANDARD BOOK NUMBER
International Standard Book Number 9780439696685 (Scholastic : pbk.)
020 ## - INTERNATIONAL STANDARD BOOK NUMBER
International Standard Book Number 0439696682 (Scholastic : pbk.)
035 ## - SYSTEM CONTROL NUMBER
System control number 288700
035 ## - SYSTEM CONTROL NUMBER
System control number (OCoLC)54822527
035 ## - SYSTEM CONTROL NUMBER
System control number 288700
035 ## - SYSTEM CONTROL NUMBER
System control number 288700
040 ## - CATALOGING SOURCE
Language of cataloging eng
Description conventions rda
Transcribing agency sjds
041 ## - LANGUAGE CODE
Language code of text/sound track or separate title eng
100 1# - MAIN ENTRY--PERSONAL NAME
Personal name Penn, Audrey,
Dates associated with a name 1947-
Relator term author.
245 12 - TITLE STATEMENT
Title A pocket full of kisses /
Statement of responsibility, etc. Audrey Penn ; illustrated by Barbara Leonard Gibson.
260 ## - PUBLICATION, DISTRIBUTION, ETC. (IMPRINT)
Place of publication, distribution, etc. Washington, D.C. :
Name of publisher, distributor, etc. Scholastic,
Date of publication, distribution, etc. c2004
264 #1 - PRODUCTION, PUBLICATION, DISTRIBUTION, MANUFACTURE, AND COPYRIGHT NOTICE
Place of production, publication, distribution, manufacture Washington, D.C. :
Name of producer, publisher, distributor, manufacturer Child & Family Press,
Date of production, publication, distribution, manufacture, or copyright notice [2004]
264 #4 - PRODUCTION, PUBLICATION, DISTRIBUTION, MANUFACTURE, AND COPYRIGHT NOTICE
Date of production, publication, distribution, manufacture, or copyright notice c2004
300 ## - PHYSICAL DESCRIPTION
Extent 1 volume (unpaged) :
Other physical details color illustrations ;
Dimensions 27 cm
336 ## - CONTENT TYPE
Content type term text
Content type code txt
Source rdacontent
337 ## - MEDIA TYPE
Media type term unmediated
Media type code n
Source rdamedia
338 ## - CARRIER TYPE
Carrier type term volume
Carrier type code nc
Source rdacarrier
520 ## - SUMMARY, ETC.
Summary, etc. Chester Raccoon is worried that his mother does not have enough love for both him and his new baby brother.
521 8# - TARGET AUDIENCE NOTE
Target audience note AD 830
Source Lexile
526 0# - STUDY PROGRAM INFORMATION NOTE
Program name Accelerated Reader
Interest level LG
Reading level 3.7
Title point value 0.5
Public note 83532
526 0# - STUDY PROGRAM INFORMATION NOTE
Program name Accelerated Reader AR
Interest level LG
Reading level 3.7
Title point value 0.5
Public note 83532.
650 #0 - SUBJECT ADDED ENTRY--TOPICAL TERM
Topical term or geographic name as entry element Mother and child
Form subdivision Juvenile fiction.
650 #0 - SUBJECT ADDED ENTRY--TOPICAL TERM
Topical term or geographic name as entry element Sibling rivalry
Form subdivision Juvenile fiction.
650 #0 - SUBJECT ADDED ENTRY--TOPICAL TERM
Topical term or geographic name as entry element Romance fiction
Form subdivision Juvenile literature.
650 #0 - SUBJECT ADDED ENTRY--TOPICAL TERM
Topical term or geographic name as entry element Infants
Form subdivision Juvenile fiction.
650 #0 - SUBJECT ADDED ENTRY--TOPICAL TERM
Topical term or geographic name as entry element Raccoon
Form subdivision Juvenile fiction.
655 #7 - INDEX TERM--GENRE/FORM
Genre/form data or focus term Romance fiction.
Source of term lcgft
700 1# - ADDED ENTRY--PERSONAL NAME
Personal name Gibson, Barbara.
942 ## - ADDED ENTRY ELEMENTS (KOHA)
Koha item type Reference
Holdings
Withdrawn status Lost status Damaged status Not for loan Home library Current library Shelving location Date acquired Inventory number Total Checkouts Total Renewals Full call number Barcode Date last seen Date checked out Price effective from Koha item type
        San Juan Del Sur -- Biblioteca San Juan Del Sur -- Biblioteca Children's Area 19/07/2017 Inventory date: 15-5-25 10 1 CAJA INGLES 30024438 19/05/2023 17/03/2023 19/07/2017 Libro/Book

Powered by Koha